ბათუმის შოთა რუსთაველის სახელმწიფო უნივერსიტეტის ბიბლიოთეკა

Didaktik Des Unterrichts Mit Blinden Und Hochgradig Sehbehinderten Schulerinnen Und Schulern: (ბიბ.ჩანაწერი № 58087)

000 -LEADER
fixed length control field 01085nam a22002297a 4500
005 - DATE AND TIME OF LATEST TRANSACTION
control field 20210617141901.0
008 - FIXED-LENGTH DATA ELEMENTS--GENERAL INFORMATION
fixed length control field 210610s2017 gw ||||| |||| 00| 0 ger d
020 ## - INTERNATIONAL STANDARD BOOK NUMBER
International Standard Book Number 9783170323612
041 ## - LANGUAGE CODE
Language code of text/sound track or separate title ger
080 ## - UNIVERSAL DECIMAL CLASSIFICATION NUMBER
Universal Decimal Classification number 376.352 L-24
100 ## - MAIN ENTRY--PERSONAL NAME
Personal name Lang, Markus
9 (RLIN) 12080
245 ## - TITLE STATEMENT
Title Didaktik Des Unterrichts Mit Blinden Und Hochgradig Sehbehinderten Schulerinnen Und Schulern:
Remainder of title Band 1: Grundlagen /
Statement of responsibility, etc. Markus Lang, Ursula Hofer, Friederike Beyer.
264 ## - PRODUCTION, PUBLICATION, DISTRIBUTION, MANUFACTURE, AND COPYRIGHT NOTICE
Place of production, publication, distribution, manufacture Stutgard:
Name of producer, publisher, distributor, manufacturer Verlag W. Kohlhammer,
Date of production, publication, distribution, manufacture, or copyright notice 2017.
300 ## - PHYSICAL DESCRIPTION
Extent 275 p.
Other physical details 23 cm.
653 ## - INDEX TERM--UNCONTROLLED
keyword Дидактика обучения слепых и слабовидящих студентов
653 ## - INDEX TERM--UNCONTROLLED
keyword ბრმა და მძიმე მხედველობა დაქვეითებულ მოსწავლეებთან სწავლების დიდაქტიკა
653 ## - INDEX TERM--UNCONTROLLED
keyword პედაგოგიკა
653 ## - INDEX TERM--UNCONTROLLED
keyword პედაგოგიკა
700 ## - ADDED ENTRY--PERSONAL NAME
Personal name Hofer, Ursula
Relator term ავტორი
9 (RLIN) 12012
700 ## - ADDED ENTRY--PERSONAL NAME
Personal name Beyer, Friederike
Relator term ავტორი
9 (RLIN) 12013
942 ## - ADDED ENTRY ELEMENTS (KOHA)
Source of classification or shelving scheme
Koha item type წიგნი
ეგზემპლარები
Withdrawn status Lost status Source of classification or shelving scheme Damaged status Not for loan Permanent Location Current Location Shelving location Date acquired Cost, normal purchase price Full call number Barcode Date last seen Copy number Price effective from Koha item type Public note
          ბათუმის შოთა რუსთაველის სახელმწიფო უნივერსიტეტის მთავარი ბიბლიოთეკა ბათუმის შოთა რუსთაველის სახელმწიფო უნივერსიტეტის მთავარი ბიბლიოთეკა წიგნსაცავი 2021-06-10 159.00 376.352 L-24 61371 2021-06-10 61371 2021-06-10 წიგნი 159 ლ.